[Event "CRI-ch"]
[Site "San Jose"]
[Date "2024.01.11"]
[Round "6"]
[White "Minero Pineda, Carlos"]
[Black "Fernandez Sanchez, Mario Andres"]
[Result "1/2-1/2"]
[WhiteElo "1973"]
[BlackElo "2026"]
[PlyCount "46"]
[EventDate "2024.01.06"]
[EventType "swiss"]
[EventRounds "9"]
[EventCountry "CRI"]
[SourceTitle "CB05_2024"]
[SourceDate "2024.01.31"]
[SourceVersion "1"]
[SourceVersionDate "2024.01.31"]
[SourceQuality "1"]

1. Nf3 c5 2. c4 Nc6 3. d4 cxd4 4. Nxd4 g6 5. Nxc6 bxc6 6. Bd2 Bg7 7. Bc3 Nf6 8. e3 0-0 9. Be2 d5 10. 0-0 Qd6 11. cxd5 cxd5 12. Nd2 Re8 13. Qa4 Bd7 14. Qa5 Bg4 15. Qa6 Bxe2 16. Qxe2 e5 17. Rfd1 Qb6 18. Rac1 d4 19. Nc4 Qa6 20. Bb4 Qxa2 21. exd4 exd4 22. Qf3 Qa4 23. Bc5 Ne4 1/2-1/2

[Event "CRI-ch"]
[Site "San Jose"]
[Date "2024.01.09"]
[Round "4"]
[White "Minero Pineda, Carlos"]
[Black "Mayorga Araya, Sofia"]
[Result "1/2-1/2"]
[WhiteElo "1973"]
[BlackElo "1800"]
[PlyCount "139"]
[EventDate "2024.01.06"]
[EventType "swiss"]
[EventRounds "9"]
[EventCountry "CRI"]
[SourceTitle "CB05_2024"]
[SourceDate "2024.01.31"]
[SourceVersion "1"]
[SourceVersionDate "2024.01.31"]
[SourceQuality "1"]

1. d4 Nf6 2. Nf3 e6 3. g3 b5 4. Bg2 Bb7 5. 0-0 c5 6. dxc5 Bxc5 7. c4 bxc4 8. Qc2 0-0 9. Qxc4 Qc7 10. Qh4 d5 11. Bf4 Qd8 12. Nc3 Be7 13. Bxb8 Rxb8 14. Qd4 a5 15. Rfd1 Nd7 16. Rac1 e5 17. Qd2 d4 18. Na4 Be4 19. Nxe5 Bxg2 20. Qxd4 Nxe5 21. Qxe5 Qe8 22. Kxg2 Qxa4 23. Qxe7 Qxa2 24. Rd2 Qa4 25. Rcd1 Rbe8 26. Qa3 Qb5 27. Qf3 a4 28. Rc1 Qb4 29. Qd5 Qe4+ 30. Qxe4 Rxe4 31. e3 Rb4 32. Rc7 g6 33. Ra7 Kg7 34. h3 Kg8 35. g4 h6 36. Kg3 Kg7 37. h4 Kf6 38. g5+ hxg5 39. Ra6+ Kg7 40. hxg5 Rfb8 41. Rd7 Rxb2 42. Raa7 Rf8 43. Rxa4 Rb5 44. Kg4 Rb1 45. Ra6 Rg1+ 46. Kf4 Rg2 47. f3 Kh7 48. e4 Kg8 49. Rf6 Rg1 50. Re7 Kh8 51. e5 Kg8 52. e6 fxe6 53. Rexe6 Rxf6+ 54. Rxf6 Kg7 55. Rc6 Re1 56. Rc7+ Kg8 57. Rc4 Re7 58. Kg4 Re5 59. f4 Rb5 60. Re4 Kf7 61. Re5 Rb4 62. Ra5 Rc4 63. Kf3 Rb4 64. Ke3 Rc4 65. Rd5 Ke6 66. Re5+ Kf7 67. Re4 Rc5 68. Rd4 Ke6 69. Ke4 Ra5 70. Rb4 1/2-1/2

[Event "CRI-ch"]
[Site "San Jose"]
[Date "2024.01.07"]
[Round "3"]
[White "Angulo Perez, Sebastian"]
[Black "Minero Pineda, Carlos"]
[Result "0-1"]
[WhiteElo "1612"]
[BlackElo "1973"]
[PlyCount "120"]
[EventDate "2024.01.06"]
[EventType "swiss"]
[EventRounds "9"]
[EventCountry "CRI"]
[SourceTitle "CB05_2024"]
[SourceDate "2024.01.31"]
[SourceVersion "1"]
[SourceVersionDate "2024.01.31"]
[SourceQuality "1"]

1. e3 c5 2. d4 cxd4 3. exd4 Nf6 4. Nf3 g6 5. b3 Bg7 6. Bb2 0-0 7. Be2 d5 8. Nbd2 Nc6 9. 0-0 Bf5 10. c4 Rc8 11. c5 Ne4 12. Rc1 e6 13. a3 a5 14. Nb1 g5 15. Ne1 b6 16. f3 Nxc5 17. b4 axb4 18. axb4 Nxb4 19. Ba3 Na2 20. dxc5 Nxc1 21. Qxc1 bxc5 22. Bd3 Bg6 23. Kh1 Qb6 24. Bxg6 hxg6 25. Nd3 Bd4 26. Qxg5 Qa6 27. Qd2 Rb8 28. Qc2 Rxb1 29. Rxb1 Qxa3 30. Rb3 Qa6 31. Rb1 c4 32. Nb4 Qb6 33. Qd2 Bc5 34. Nc2 e5 35. Qc3 Qe6 36. Qa5 Rc8 37. Qd2 d4 38. Re1 c3 39. Qd3 Qf5 40. Re4 Rb8 41. g4 Qg5 42. Re2 Rb1+ 43. Kg2 Qf4 44. Nxd4 Rg1+ 45. Kxg1 Qxd4+ 46. Qxd4 exd4 47. Kf1 d3 48. Re8+ Kg7 49. Rc8 Bb4 50. Kf2 c2 51. Rc4 d2 52. Rxc2 d1Q 53. Ra2 Bc5+ 54. Kg3 Qf1 55. Rg2 g5 56. Rd2 Qe1+ 57. Kh3 Qxd2 58. f4 Qe3+ 59. Kg2 Qf2+ 60. Kh3 Qf3# 0-1

[Event "CRI-chT"]
[Site "San Jose"]
[Date "2012.07.25"]
[Round "4.3"]
[White "Minero Pineda, Carlos"]
[Black "Murillo Tsijli, Alexis"]
[Result "0-1"]
[WhiteElo "2023"]
[BlackElo "2276"]
[PlyCount "67"]
[EventDate "2012.07.22"]
[EventType "team-tourn"]
[EventRounds "9"]
[EventCountry "CRI"]
[SourceTitle "EXT 2013"]
[Source "ChessBase"]
[SourceDate "2012.11.22"]
[SourceVersion "1"]
[SourceVersionDate "2012.11.22"]
[SourceQuality "1"]
[WhiteTeam "Construterra"]
[BlackTeam "Colegio New Hope"]
[WhiteTeamCountry "CRI"]
[BlackTeamCountry "CRI"]

1. Nf3 c5 2. c4 Nf6 3. d4 cxd4 4. Nxd4 Nc6 5. Nc3 g6 6. g3 Bg7 7. Bg2 0-0 8. 0-0 Ng4 9. Nc2 d6 10. Bd2 a6 11. e4 Rb8 12. Rb1 Nce5 13. h3 Nf6 14. b3 b5 15. cxb5 axb5 16. Nd4 Bd7 17. Be3 b4 18. Nd5 e6 19. Nxf6+ Bxf6 20. Rc1 Rc8 21. Rxc8 Qxc8 22. f4 Qc3 23. Qd2 Qxd2 24. Bxd2 Nc4 25. Nxe6 Nxd2 26. Nxf8 Bd4+ 27. Kh1 Kxf8 28. Rd1 Bc3 29. g4 Bb5 30. Kg1 Bd3 31. e5 dxe5 32. fxe5 Bb1 33. Kf2 Bxa2 34. Bd5 0-1

[Event "CRI-ch"]
[Site "San Jose"]
[Date "2011.10.27"]
[Round "10"]
[White "Minero Pineda, Carlos"]
[Black "Cabrera Chaves, Marco Antonio"]
[Result "0-1"]
[WhiteElo "2052"]
[BlackElo "2154"]
[PlyCount "84"]
[EventDate "2011.10.18"]
[EventType "tourn"]
[EventRounds "11"]
[EventCountry "CRI"]
[SourceTitle "EXT 2012"]
[Source "ChessBase"]
[SourceDate "2011.11.24"]
[SourceVersion "1"]
[SourceVersionDate "2011.11.24"]
[SourceQuality "1"]

1. Nf3 c5 2. c4 Nc6 3. d4 cxd4 4. Nxd4 Nf6 5. g3 e5 6. Nc2 d5 7. Bg2 d4 8. 0-0 Bg4 9. b4 Qd7 10. Ba3 Be7 11. Re1 0-0 12. b5 Na5 13. Bxe7 Qxe7 14. Nca3 Rac8 15. Qa4 b6 16. Nd2 Be6 17. Rac1 Nd7 18. Nb3 Nc5 19. Qb4 Nab7 20. Nxc5 Rxc5 21. Nb1 Nd6 22. Nd2 Rfc8 23. Bc6 Bd7 24. Nb3 Bxc6 25. Nxc5 bxc5 26. Qxc5 Bxb5 27. Qxc8+ Nxc8 28. cxb5 Nd6 29. a4 g5 30. Rc6 Ne4 31. a5 Qb7 32. Rb1 Nc3 33. a6 Qd7 34. Rb2 Kg7 35. b6 axb6 36. Rcxb6 Qa4 37. Kg2 g4 38. R2b4 Qa1 39. Rb2 e4 40. Rd2 h5 41. Rd6 e3 42. R2xd4 Qe1 0-1

[Event "CRI-ch"]
[Site "San Jose"]
[Date "2011.10.25"]
[Round "8"]
[White "Minero Pineda, Carlos"]
[Black "Gonzalez Acosta, Bernal Manuel"]
[Result "1/2-1/2"]
[WhiteElo "2052"]
[BlackElo "2433"]
[PlyCount "103"]
[EventDate "2011.10.18"]
[EventType "tourn"]
[EventRounds "11"]
[EventCountry "CRI"]
[SourceTitle "EXT 2012"]
[Source "ChessBase"]
[SourceDate "2011.11.24"]
[SourceVersion "1"]
[SourceVersionDate "2011.11.24"]
[SourceQuality "1"]

1. d4 Nf6 2. c4 c5 3. Nf3 cxd4 4. Nxd4 e6 5. Nc3 Nc6 6. e3 Be7 7. g3 d5 8. Bg2 0-0 9. 0-0 dxc4 10. Nxc6 bxc6 11. Qa4 Qb6 12. Qxc6 Rb8 13. Re1 Qxc6 14. Bxc6 Bb7 15. Bxb7 Rxb7 16. Re2 Rd8 17. Rc2 Ng4 18. h3 Ne5 19. Kf1 f5 20. Rb1 Bf6 21. Ke2 Rbd7 22. h4 Nd3 23. a3 Nc5 24. Bd2 Nb3 25. Be1 Kf7 26. Rd1 Rd3 27. Rb1 R8d7 28. Na2 R3d6 29. Rxc4 Nd2 30. Bxd2 Rxd2+ 31. Ke1 Bxb2 32. a4 Bf6 33. Nb4 Bd8 34. Nc6 Bf6 35. Nb4 h6 36. h5 R2d6 37. Rbc1 Rb6 38. Rc7 Rb7 39. Rxd7+ Rxd7 40. Rc6 Rb7 41. Nc2 Be5 42. Nd4 Bxd4 43. exd4 Rd7 44. Ra6 Kf6 45. f4 Rxd4 46. Rxa7 Rb4 47. Kf2 Rb2+ 48. Kf3 Rh2 49. a5 Ra2 50. Ra8 Ra3+ 51. Kg2 Ra2+ 52. Kf3 1/2-1/2

[Event "CRI-ch"]
[Site "San Jose"]
[Date "2011.10.24"]
[Round "7"]
[White "Alfaro Rojas, Alfonso Jose"]
[Black "Minero Pineda, Carlos"]
[Result "1-0"]
[WhiteElo "2239"]
[BlackElo "2052"]
[PlyCount "63"]
[EventDate "2011.10.18"]
[EventType "tourn"]
[EventRounds "11"]
[EventCountry "CRI"]
[SourceTitle "EXT 2012"]
[Source "ChessBase"]
[SourceDate "2011.11.24"]
[SourceVersion "1"]
[SourceVersionDate "2011.11.24"]
[SourceQuality "1"]

1. d4 d5 2. c4 e6 3. cxd5 exd5 4. Nc3 Nf6 5. Bg5 Bb4 6. e3 Qd6 7. Bd3 Ne4 8. Bf4 Qe7 9. Nge2 c6 10. Qc2 Nd7 11. 0-0 Ndf6 12. f3 Nxc3 13. bxc3 Bd6 14. Ng3 Bxf4 15. exf4 Qe3+ 16. Kh1 Qxf4 17. Rfe1+ Be6 18. Bf5 0-0 19. Bxe6 fxe6 20. Rxe6 Qc7 21. Rae1 Rae8 22. R6e5 b5 23. Qc1 c5 24. Qg5 cxd4 25. cxd4 h6 26. Qd2 Qf7 27. Nf5 Rxe5 28. dxe5 Nd7 29. Nd6 Qe6 30. f4 g6 31. Nxb5 Nc5 32. Nc7 1-0

[Event "CRI-ch qual"]
[Site "San Jose"]
[Date "2005.06.21"]
[Round "7"]
[White "Bermudez Vives, Sergio"]
[Black "Minero Pineda, Carlos"]
[Result "1/2-1/2"]
[WhiteElo "2127"]
[BlackElo "2082"]
[PlyCount "125"]
[EventDate "2005.06.??"]
[EventType "swiss"]
[EventRounds "9"]
[EventCountry "CRI"]
[SourceTitle "EXT 2006"]
[Source "ChessBase"]
[SourceDate "2005.11.24"]
[SourceVersion "1"]
[SourceVersionDate "2005.11.24"]
[SourceQuality "1"]

1. e4 Nf6 2. e5 Nd5 3. d4 d6 4. Nf3 Bg4 5. Be2 e6 6. 0-0 Be7 7. c4 Nb6 8. Nc3 0-0 9. Be3 Nc6 10. exd6 cxd6 11. d5 exd5 12. Nxd5 Nxd5 13. Qxd5 Be6 14. Qd2 d5 15. c5 Bf6 16. Nd4 a5 17. Rad1 Nxd4 18. Bxd4 Qe7 19. Bf3 Rfd8 20. a3 a4 21. Qb4 Bxd4 22. Rxd4 g6 23. h4 Rac8 24. Rc1 Rc6 25. h5 b6 26. Qxa4 Rxc5 27. Rcd1 Qc7 28. hxg6 hxg6 29. g3 Rc1 30. Kg2 Kg7 31. Rh4 Rxd1 32. Qxd1 Qe5 33. Qc1 Rh8 34. Rxh8 Kxh8 35. b4 d4 36. Qc6 b5 37. Qc5 f6 38. Bc6 Bc4 39. Qxe5 fxe5 40. Kf3 Kg7 41. Ke4 Kf6 42. f4 exf4 43. gxf4 d3 44. Ke3 g5 45. fxg5+ Kxg5 46. Be4 d2 47. Kxd2 Kf4 48. Bc6 Ke5 49. Kc3 Be2 50. Be8 Bf1 51. a4 bxa4 52. Bxa4 Kd6 53. Kd4 Kc7 54. Kc5 Kb8 55. Kb6 Be2 56. Bb5 Bf3 57. Bc4 Be4 58. b5 Bf3 59. Ka5 Be4 60. b6 Bf3 61. Kb5 Be4 62. Kc5 Bf3 63. Bd5 1/2-1/2

[Event "CRI-ch qual"]
[Site "San Jose"]
[Date "2005.06.20"]
[Round "6"]
[White "Minero, Boris P"]
[Black "Minero Pineda, Carlos"]
[Result "1/2-1/2"]
[WhiteElo "2053"]
[BlackElo "2082"]
[PlyCount "26"]
[EventDate "2005.06.??"]
[EventType "swiss"]
[EventRounds "9"]
[EventCountry "CRI"]
[SourceTitle "EXT 2006"]
[Source "ChessBase"]
[SourceDate "2005.11.24"]
[SourceVersion "1"]
[SourceVersionDate "2005.11.24"]
[SourceQuality "1"]

1. d4 d5 2. c4 e6 3. Nc3 Nf6 4. Nf3 Nbd7 5. cxd5 exd5 6. Bf4 c6 7. e3 Be7 8. Ne5 0-0 9. Bd3 Re8 10. 0-0 Nf8 11. Qc2 Ne6 12. Bg3 g6 13. f4 Ng7 1/2-1/2

[Event "CRI-ch qual"]
[Site "San Jose"]
[Date "2005.06.12"]
[Round "2"]
[White "Brenes Salgado, Juan Carlos"]
[Black "Minero Pineda, Carlos"]
[Result "0-1"]
[WhiteElo "2000"]
[BlackElo "2082"]
[PlyCount "100"]
[EventDate "2005.06.??"]
[EventType "swiss"]
[EventRounds "9"]
[EventCountry "CRI"]
[SourceTitle "EXT 2006"]
[Source "ChessBase"]
[SourceDate "2005.11.24"]
[SourceVersion "1"]
[SourceVersionDate "2005.11.24"]
[SourceQuality "1"]

1. d4 d5 2. c4 e6 3. Nc3 Nf6 4. Bg5 Nbd7 5. Nf3 Be7 6. e3 0-0 7. Bd3 c6 8. 0-0 dxc4 9. Bxc4 Nd5 10. Ne4 f6 11. Bf4 N7b6 12. Bb3 g5 13. Bg3 f5 14. Nc5 f4 15. Nxg5 Bxg5 16. exf4 Bxf4 17. Re1 Qf6 18. Qg4+ Kh8 19. Bh4 Qxd4 20. Ne4 Qg7 21. Qxg7+ Kxg7 22. g3 Bc7 23. Rac1 Bd8 24. Bxd8 Rxd8 25. Nc5 Nc7 26. Re4 Nbd5 27. Rcc4 Nf6 28. Rh4 Ncd5 29. g4 h6 30. f4 b6 31. g5 bxc5 32. gxf6+ Nxf6 33. Rxc5 Rd6 34. Rc3 h5 35. Rc5 Bd7 36. Bc2 Kf7 37. Rh3 Rg8+ 38. Rg3 Rxg3+ 39. hxg3 Rd5 40. Rc4 Ng4 41. Ra4 a5 42. f5 Rc5 43. Bd3 exf5 44. b4 axb4 45. Rxb4 Be6 46. a4 Rc1+ 47. Bf1 Ne3 48. Rf4 Bc4 49. Kf2 Nxf1 50. Rxc4 Rxc4 0-1

[Event "CRI-ch 67th"]
[Site "Cenfotec"]
[Date "2003.06.21"]
[Round "8"]
[White "Alvarado, Dizan Ernesto"]
[Black "Minero Pineda, Carlos"]
[Result "0-1"]
[WhiteElo "2084"]
[BlackElo "2179"]
[PlyCount "96"]
[EventDate "2003.06.13"]
[EventType "swiss"]
[EventRounds "11"]
[EventCountry "CRI"]
[SourceTitle "CBM 094 Extra"]
[Source "ChessBase"]
[SourceDate "2003.07.09"]
[SourceVersion "2"]
[SourceVersionDate "2003.07.09"]
[SourceQuality "1"]

1. e4 Nf6 2. Nc3 d5 3. exd5 Nxd5 4. Bc4 c6 5. Nf3 Bg4 6. h3 Bh5 7. g4 Bg6 8. d4 e6 9. Nxd5 cxd5 10. Bd3 Nc6 11. c3 Bd6 12. h4 a6 13. h5 Bxd3 14. Qxd3 b5 15. a3 Rc8 16. Bg5 f6 17. Bd2 Qc7 18. Kf1 Nd8 19. Re1 Qc4 20. Qxc4 Rxc4 21. g5 Be7 22. Rg1 Kf7 23. gxf6 gxf6 24. h6 Rg8 25. Ke2 Rxg1 26. Rxg1 Bf8 27. Kd3 Nb7 28. b3 Rc6 29. Nh4 Nd6 30. f3 a5 31. Rb1 Rb6 32. Rg1 Rc6 33. b4 Nc4 34. Bc1 Ra6 35. Ng2 axb4 36. axb4 Ra1 37. Re1 Ra2 38. Re2 Rxe2 39. Kxe2 Nd6 40. Nh4 Nf5 41. Nxf5 exf5 42. f4 Kg6 43. Kf3 Bxh6 44. Be3 Kh5 45. Kg3 Bg5 46. Bd2 h6 47. Kh3 Bh4 48. Kg2 Kg4 0-1

[Event "CRI-ch"]
[Site "San Jose"]
[Date "2001.06.27"]
[Round "2"]
[White "Minero Pineda, Sergio"]
[Black "Minero Pineda, Carlos"]
[Result "1-0"]
[WhiteElo "2412"]
[BlackElo "2189"]
[PlyCount "47"]
[EventDate "2001.05.26"]
[EventType "swiss"]
[EventRounds "13"]
[EventCountry "CRI"]
[SourceTitle "CBM 082 Extra"]
[Source "ChessBase"]
[SourceDate "2001.07.03"]
[SourceVersion "1"]
[SourceVersionDate "2001.07.03"]
[SourceQuality "1"]

1. c4 Nf6 2. Nc3 e5 3. g3 Be7 4. Bg2 0-0 5. d3 d6 6. Nf3 Nc6 7. 0-0 Re8 8. Rb1 a5 9. Ne1 h6 10. a3 Bf8 11. b4 axb4 12. axb4 Rb8 13. b5 Ne7 14. Nd5 Nexd5 15. cxd5 Bd7 16. Qc2 g6 17. Bd2 Bg7 18. Qc4 Qc8 19. Nc2 Re7 20. Rfc1 Be8 21. Ne3 b6 22. Ra1 Bf8 23. Bb4 Rd7 24. Bh3 1-0

[Event "CRI-ch"]
[Site "San Jose"]
[Date "2001.06.13"]
[Round "10"]
[White "Minero Pineda, Carlos"]
[Black "Vaglio Munoz, Jaime"]
[Result "0-1"]
[WhiteElo "2189"]
[BlackElo "2217"]
[PlyCount "78"]
[EventDate "2001.05.26"]
[EventType "swiss"]
[EventRounds "13"]
[EventCountry "CRI"]
[SourceTitle "CBM 082 Extra"]
[Source "ChessBase"]
[SourceDate "2001.07.03"]
[SourceVersion "1"]
[SourceVersionDate "2001.07.03"]
[SourceQuality "1"]

1. Nf3 c5 2. c4 Nc6 3. d4 cxd4 4. Nxd4 g6 5. Nxc6 dxc6 6. Qxd8+ Kxd8 7. Bd2 f6 8. g3 e5 9. Bg2 Be6 10. b3 a5 11. Nc3 Bb4 12. 0-0 Ne7 13. Ne4 Bxd2 14. Rfd1 Nf5 15. Rxd2+ Ke7 16. Nc5 Nd6 17. Rad1 Rad8 18. h3 Bc8 19. Kf1 h5 20. e3 h4 21. g4 f5 22. gxf5 gxf5 23. Nd3 Nf7 24. f4 e4 25. Nc5 Nd6 26. Kf2 Rhg8 27. Bf1 Rg3 28. Na4 Rf3+ 29. Ke2 b5 30. cxb5 cxb5 31. Nc5 b4 32. Bg2 Rg3 33. Bxe4 fxe4 34. Rxd6 Rg2+ 35. Kf1 Rxd6 36. Rxd6 Kxd6 37. Nxe4+ Kd5 38. Nf6+ Ke6 39. Kxg2 Kxf6 0-1

[Event "CRI-ch"]
[Site "San Jose"]
[Date "2001.06.02"]
[Round "6"]
[White "Hernandez Basante, Francisco"]
[Black "Minero Pineda, Carlos"]
[Result "1/2-1/2"]
[WhiteElo "2265"]
[BlackElo "2189"]
[PlyCount "54"]
[EventDate "2001.05.26"]
[EventType "swiss"]
[EventRounds "13"]
[EventCountry "CRI"]
[SourceTitle "CBM 082 Extra"]
[Source "ChessBase"]
[SourceDate "2001.07.03"]
[SourceVersion "1"]
[SourceVersionDate "2001.07.03"]
[SourceQuality "1"]

1. d4 Nf6 2. Bg5 d5 3. e3 Nbd7 4. Nf3 e6 5. Bd3 Be7 6. Nbd2 0-0 7. 0-0 b6 8. c3 Bb7 9. Qb1 h6 10. Bh4 c5 11. b4 cxb4 12. cxb4 Ne4 13. Bxe7 Qxe7 14. Nxe4 dxe4 15. Bxe4 Bxe4 16. Qxe4 Qxb4 17. Qb7 Qa4 18. Rfc1 Rab8 19. Qc6 Qxc6 20. Rxc6 Rfc8 21. Rac1 Rxc6 22. Rxc6 Rb7 23. Rc8+ Kh7 24. Kf1 Kg6 25. Ke2 Kf6 26. Kd3 Ke7 27. e4 b5 1/2-1/2

[Event "Central America-chT 7th"]
[Site "Guatemala City"]
[Date "2001.??.??"]
[Round "5"]
[White "Chavez, Hector Eduardo"]
[Black "Minero Pineda, Carlos"]
[Result "1-0"]
[WhiteElo "2081"]
[BlackElo "2189"]
[PlyCount "95"]
[EventDate "2001.12.??"]
[EventType "team"]
[EventRounds "5"]
[EventCountry "GUA"]
[SourceTitle "EXT 2003"]
[Source "ChessBase"]
[SourceDate "2002.11.25"]
[SourceVersion "1"]
[SourceVersionDate "2002.11.25"]
[SourceQuality "1"]

1. e4 Nf6 2. e5 Nd5 3. d4 d6 4. Nf3 Bg4 5. Be2 e6 6. c4 Nb6 7. exd6 cxd6 8. Nc3 Be7 9. d5 e5 10. h3 Bh5 11. g4 Bg6 12. h4 h6 13. Bd3 Bxd3 14. Qxd3 Qc8 15. b3 Na6 16. Ba3 Nc5 17. Qe3 Nbd7 18. Nd2 a5 19. Nde4 b6 20. Bxc5 Nxc5 21. Nxc5 bxc5 22. f3 f5 23. gxf5 Qxf5 24. Qe4 0-0 25. Ke2 Qh5 26. Qg4 Qxg4 27. fxg4 Rf4 28. Rag1 Raf8 29. Rg2 e4 30. g5 hxg5 31. hxg5 R8f5 32. g6 Bf6 33. Nb5 Bd4 34. Rhh2 Be5 35. Rf2 Rxf2+ 36. Rxf2 Rg5 37. Ke3 Rxg6 38. Kxe4 Rg4+ 39. Kf5 Rg3 40. Ke6 Rg1 41. Kd7 Rg6 42. Kc6 Rh6 43. Kb6 g5 44. Rg2 Bf4 45. Kxa5 Rh2 46. Rxh2 Bxh2 47. Nc3 Bf4 48. Ne2 1-0

[Event "CRI-ch"]
[Site "Antiguo"]
[Date "1999.08.13"]
[Round "11"]
[White "Minero Pineda, Sergio"]
[Black "Minero Pineda, Carlos"]
[Result "1-0"]
[WhiteElo "2382"]
[BlackElo "2182"]
[PlyCount "69"]
[EventDate "1999.07.31"]
[EventType "tourn"]
[EventRounds "13"]
[EventCountry "CRI"]
[EventCategory "2"]
[SourceTitle "EXT 2000"]
[Source "ChessBase"]
[SourceDate "1999.11.16"]
[SourceVersion "1"]
[SourceVersionDate "1999.11.16"]
[SourceQuality "1"]

1. c4 Nf6 2. Nc3 d6 3. d4 g6 4. Nf3 Bg7 5. g3 0-0 6. Bg2 Nbd7 7. 0-0 Re8 8. h3 e5 9. dxe5 dxe5 10. Be3 c6 11. Nd2 h6 12. Qb3 Nf8 13. Rfd1 Qc7 14. Nde4 N8h7 15. Nd6 Re7 16. Qa3 a6 17. b3 Be6 18. Rac1 Rd8 19. c5 Nf8 20. Kh2 N8h7 21. Rd2 Bf5 22. Rcd1 Ra8 23. Qa4 Nf8 24. b4 Bd7 25. Qc2 Ne6 26. a4 Rd8 27. Qb3 Rb8 28. b5 axb5 29. axb5 cxb5 30. Ncxb5 Bxb5 31. Nxb5 Qc8 32. Nd6 Qc7 33. Nb5 Qc8 34. Rc1 Re8 35. Nd6 1-0

[Event "CRI-ch"]
[Site "Antiguo"]
[Date "1999.08.08"]
[Round "7"]
[White "Valdes Romero, Leonardo"]
[Black "Minero Pineda, Carlos"]
[Result "1-0"]
[WhiteElo "2263"]
[BlackElo "2182"]
[PlyCount "105"]
[EventDate "1999.07.31"]
[EventType "tourn"]
[EventRounds "13"]
[EventCountry "CRI"]
[EventCategory "2"]
[SourceTitle "EXT 2000"]
[Source "ChessBase"]
[SourceDate "1999.11.16"]
[SourceVersion "1"]
[SourceVersionDate "1999.11.16"]
[SourceQuality "1"]

1. Nf3 d6 2. d4 Nf6 3. c4 g6 4. Nc3 Bg7 5. e4 0-0 6. Be2 Nbd7 7. 0-0 e5 8. Re1 Re8 9. Bf1 exd4 10. Nxd4 Nc5 11. f3 a5 12. Ndb5 Bd7 13. Be3 b6 14. Qd2 Bc6 15. Rad1 Qd7 16. Bf2 Rad8 17. a3 h6 18. Qc1 Nh5 19. b4 axb4 20. axb4 Ne6 21. c5 bxc5 22. bxc5 Bf8 23. Na7 Rb8 24. e5 Rb7 25. Nxc6 Qxc6 26. g4 Nhf4 27. Ne4 Rd8 28. cxd6 Qxc1 29. Rxc1 cxd6 30. exd6 Bxd6 31. Red1 Be7 32. Rxd8+ Bxd8 33. Be3 Kg7 34. Rd1 Bb6 35. Bxb6 Rxb6 36. Rd7 Rb1 37. Kf2 Rb2+ 38. Kg3 Rb8 39. Bc4 Rf8 40. h4 Kg8 41. Nd6 Kg7 42. g5 hxg5 43. hxg5 Nh5+ 44. Kg4 Nd8 45. f4 Kg8 46. f5 Kg7 47. fxg6 Nf6+ 48. gxf6+ Kxg6 49. Ne4 Nc6 50. Kf4 Nd8 51. Rd5 Re8 52. Rg5+ Kh7 53. Kf5 1-0

[Event "CRI-ch"]
[Site "Antiguo"]
[Date "1999.08.01"]
[Round "2"]
[White "Jimenez Molina, Juan Leon"]
[Black "Minero Pineda, Carlos"]
[Result "1/2-1/2"]
[WhiteElo "2252"]
[BlackElo "2182"]
[PlyCount "47"]
[EventDate "1999.07.31"]
[EventType "tourn"]
[EventRounds "13"]
[EventCountry "CRI"]
[EventCategory "2"]
[SourceTitle "EXT 2000"]
[Source "ChessBase"]
[SourceDate "1999.11.16"]
[SourceVersion "1"]
[SourceVersionDate "1999.11.16"]
[SourceQuality "1"]

1. Nf3 Nf6 2. g3 g6 3. Bg2 Bg7 4. 0-0 0-0 5. d4 d5 6. c4 c6 7. b3 h6 8. Bb2 Be6 9. Nbd2 Qc8 10. Re1 Bh3 11. Bh1 Nbd7 12. Rc1 dxc4 13. Nxc4 Nb6 14. Nce5 Qe6 15. Nd3 Rad8 16. Nf4 Qc8 17. Nxh3 Qxh3 18. Bg2 Qh5 19. Qc2 Nfd7 20. Red1 Rfe8 21. Qe4 Nf6 22. Qc2 Nfd7 23. Qe4 Nf6 24. Qc2 1/2-1/2

[Event "CRI-ch"]
[Site "Costa Rica"]
[Date "1997.??.??"]
[Round "2"]
[White "Minero Pineda, Carlos"]
[Black "Arias Santana, Mauricio"]
[Result "0-1"]
[WhiteElo "2060"]
[BlackElo "2090"]
[PlyCount "190"]
[EventDate "1997.??.??"]
[EventType "tourn"]
[EventRounds "19"]
[EventCountry "CRI"]
[SourceTitle "EXT 1999"]
[Source "ChessBase"]
[SourceDate "1998.11.16"]
[SourceVersion "1"]
[SourceVersionDate "1998.11.16"]
[SourceQuality "1"]

1. Nf3 c5 2. c4 Nf6 3. d4 cxd4 4. Nxd4 e5 5. Nb5 d5 6. cxd5 Bc5 7. N5c3 0-0 8. e3 e4 9. Be2 Qe7 10. Nd2 Rd8 11. Qc2 Bf5 12. 0-0 Bb4 13. Rd1 Bxc3 14. bxc3 Nxd5 15. Nc4 Nc6 16. Ba3 Qf6 17. Rac1 b5 18. Nd6 Rxd6 19. Bxd6 Qxd6 20. c4 bxc4 21. Bxc4 Nce7 22. Bxd5 Nxd5 23. Qc5 Qxc5 24. Rxc5 Ne7 25. Rc7 Kf8 26. Rxa7 Rc8 27. a4 Ke8 28. h3 Nc6 29. Rb7 Ra8 30. Rc1 Bd7 31. Rd1 Ne5 32. Rd5 f6 33. a5 Bc6 34. Rxe5+ fxe5 35. Rxg7 Rxa5 36. Rxh7 Kf8 37. Kh2 Kg8 38. Re7 Rd5 39. Kg3 Bd7 40. Kh2 Kf8 41. Rh7 Kg8 42. Re7 Kf8 43. Rh7 Bf5 44. Ra7 Bd7 45. Rc7 Ke7 46. Rc4 Bf5 47. Rc6 Rd6 48. Rc7+ Rd7 49. Rc6 Be6 50. Kg3 Rd1 51. Rc7+ Kd6 52. Ra7 Bd7 53. Ra6+ Kc5 54. Ra5+ Bb5 55. Ra8 Kc4 56. Rc8+ Kb4 57. h4 Rh1 58. Rb8 Kc4 59. Rb7 Kc5 60. Rg7 Bf1 61. Rg5 Kd5 62. Rg6 Be2 63. Rg5 Ke6 64. Rg6+ Kf7 65. Rg5 Kf6 66. Rg8 Kf7 67. Rg5 Kf6 68. Rg8 Kf7 69. Rg5 Ke6 70. Rg6+ Kd5 71. Rg5 Bc4 72. Rg6 Bd3 73. Rg5 Bf1 74. Rg6 Kc4 75. Rg5 Kd5 76. Rg8 Kd6 77. Rg7 Be2 78. Rg6+ Kc5 79. Rg5 Kd5 80. Rg6 Ra1 81. Rg5 Ke6 82. Rg6+ Kf7 83. Rg5 Kf6 84. Rg8 Ra7 85. Rg5 Rh7 86. Rg8 Rg7+ 87. Rxg7 Kxg7 88. f3 Kh6 89. Kf2 Bd1 90. Kg3 Kh5 91. fxe4 Bg4 92. Kf2 Kxh4 93. Ke1 Kg3 94. Kd2 Kxg2 95. Kd3 Be6 0-1

[Event "CRI-ch"]
[Site "Costa Rica"]
[Date "1997.??.??"]
[Round "3"]
[White "Murillo Tsijli, Alexis"]
[Black "Minero Pineda, Carlos"]
[Result "0-1"]
[WhiteElo "2250"]
[BlackElo "2060"]
[PlyCount "120"]
[EventDate "1997.??.??"]
[EventType "tourn"]
[EventRounds "19"]
[EventCountry "CRI"]
[SourceTitle "EXT 1999"]
[Source "ChessBase"]
[SourceDate "1998.11.16"]
[SourceVersion "1"]
[SourceVersionDate "1998.11.16"]
[SourceQuality "1"]

1. g3 g6 2. Bg2 Bg7 3. c4 e5 4. Nc3 Nc6 5. d3 d6 6. e3 f5 7. Nge2 Nf6 8. Rb1 a5 9. a3 0-0 10. b4 axb4 11. axb4 Ne7 12. Nd5 c6 13. Nxf6+ Bxf6 14. b5 Be6 15. bxc6 bxc6 16. 0-0 Qc7 17. Qc2 Rfb8 18. Bd2 Qd7 19. Rfc1 Bf7 20. Nc3 d5 21. cxd5 cxd5 22. Rxb8+ Rxb8 23. Ne2 Rc8 24. Qb1 Rxc1+ 25. Bxc1 Be6 26. d4 e4 27. h4 h6 28. Ba3 Kg7 29. Bf1 Nc6 30. Nc3 Be7 31. Bxe7 Nxe7 32. Qb4 Kf7 33. Be2 Qa7 34. Qb2 Qa5 35. Kg2 Bd7 36. Bd1 Qc7 37. Bb3 Qd6 38. Qa2 Be6 39. Qa7 Qc6 40. Qa5 g5 41. h5 f4 42. exf4 gxf4 43. gxf4 Qd6 44. Ne2 Bg4 45. Ng3 Bf3+ 46. Kg1 Qc6 47. Qd8 Qc1+ 48. Kh2 e3 49. Ba4 Qa3 50. Qe8+ Kg7 51. f5 exf2 52. f6+ Kxf6 53. Qf8+ Ke6 54. Qxh6+ Kf7 55. Qf4+ Kg8 56. Be8 f1N+ 57. Nxf1 Qb2+ 58. Nd2 Nf5 59. Qxf5 Qxd2+ 60. Kg3 Qg2+ 0-1